| 000 | 00554cam a22002291 4500 | ||
|---|---|---|---|
| 001 | sa 66006702 | ||
| 003 | DLC | ||
| 005 | 20260227112258.0 | ||
| 008 | 941012s1966 ii 000 1 orio | ||
| 010 | _asa 66006702 | ||
| 025 | _aPL480:I-O-641 | ||
| 035 | _a(OCoLC)31273886 | ||
| 040 |
_aDLC _cCU _dCU _dDLC |
||
| 042 | _apremarc | ||
| 050 | 0 | 0 |
_aPK2579.M284 _bP7 |
| 100 | 1 | _aMahanti, Brajamohan. | |
| 245 | 1 | 0 | _aPragaḷbhā nadīra upakathā. |
| 260 | _c[1966?] | ||
| 300 |
_a80 p. _c23 cm. |
||
| 500 | _aIn Oriya. | ||
| 500 | _aShort stories. | ||
| 999 |
_c70666 _d70666 |
||